000 00370nam a2200133Ia 4500
008 210210b1986 xxu||||| |||| 00| 0 eng d
082 _aS891.5 HARS
100 _aHARIBHADRA.
245 _aSad-darsana samuccaya: a compendium of six philosophies.
260 _aDelhi
_bEastern book linkers
_c1986
300 _aviii,120
690 _aSanskrit Darshana
906 _a054281
999 _c102069
_d102069